Konkretizácia ďalšieho postupu procesu privatizácie v Slovenskej republike. 2
Zásady ďalšieho postupu procesu privatizácie v SR. Postup pri výbere spôsobu privatizácie podnikov s väčším rozsahom majetku. Kupónová privatizácia a zásady na jej uplatňovanie v druhej vlne privatizácie. Účasť zamestnancov privatizovaných podnikov na privatizácii.
Salvato in:
| Natura: | Capitolo di libro |
|---|---|
| Lingua: | slovacco |
| Soggetti: | |
| Tags: |
Nessun Tag, puoi essere il primo ad aggiungerne!!
|
MARC
| LEADER | 00000naa a2200000 4500 | ||
|---|---|---|---|
| 001 | r014210 | ||
| 005 | 20221205075929.7 | ||
| 041 | 0 | |a slo | |
| 044 | |a SK | ||
| 245 | 1 | 0 | |a Konkretizácia ďalšieho postupu procesu privatizácie v Slovenskej republike. 2 |
| 520 | |a Zásady ďalšieho postupu procesu privatizácie v SR. Postup pri výbere spôsobu privatizácie podnikov s väčším rozsahom majetku. Kupónová privatizácia a zásady na jej uplatňovanie v druhej vlne privatizácie. Účasť zamestnancov privatizovaných podnikov na privatizácii. | ||
| 610 | 2 | 0 | |a privatizácia |
| 610 | 2 | 0 | |a Slovensko |
| 610 | 2 | 0 | |a podnikanie súkromné |
| 610 | 2 | 0 | |a podnik |
| 610 | 2 | 0 | |a akcie |
| 610 | 2 | 0 | |a spoločnosti akciové |
| 610 | 2 | 0 | |a zamestnanci |